Countries of North America in order of independence. - Statistics

General Stats
  • This quiz has been taken 14 times
  • The average score is 15 of 23
Answer Stats
Hint Answer % Correct
1776 USA
100%
1804 Haiti
91%
1821 Mexico
91%
1962 Jamaica
73%
1973 Bahamas
64%
1966 Barbados
64%
1981 Belize
64%
1838 Costa Rica
64%
1821 El Salvador
64%
1821 Guatemala
64%
1838 Honduras
64%
1838 Nicaragua
64%
1903 Panama
64%
1983 St Kitts
64%
1962 Trinidad and Tobago
64%
1981 Antigua and Barbuda
55%
1902 Cuba
55%
1978 Dominica
55%
1903 Dominican Republic
55%
1974 Grenada
55%
1979 St Lucia
55%
1979 St Vincent
55%
1982 Canada
45%
No matching quizzes found
Score Distribution
Percent of People with Each Score
Percentile by Number Answered
Your Score History
You have not taken this quiz